| 000 | 00000nam##2200000za#4500 |
| 001 | 9.534939 |
| 003 | CaOODSP |
| 005 | 20220328113240 |
| 007 | ta |
| 008 | 150406|2001||||xxc||||| f|0| 0 fre|d |
| 020 | |a0-662-65581-8 |
| 040 | |aCaOODSP|bfre |
| 041 | |aeng |
| 041 | |afre |
| 043 | |an-cn--- |
| 086 | 1 |aC21-24/34-2001 |
| 110 | 1 |aCanada. |bIndustrie Canada. |
| 245 | 10|aLes répercussions sectorielles de l'application du protocole du Kyoto / |cpar Randall Wigle. |
| 260 | |aOttawa - Ontario : |bIndustrie Canada |c2001. |
| 300 | |aTexte français, 68p. ; |c28 cm. |
| 490 | 1 |aDocuments de travail|vN° 34 |
| 500 | |a«Dans ce document, nous traitons de la conformité aux engagements pris par le Canada dans le cadre du Protocole de Kyoto en examinant principalement deux questions: 1) Quels secteurs seront vraisemblablement touchés le plus durement par les diverses modalités d'application du Protocole de Kyoto (et, à l'opposé, quels sont ceux qui pourraient en profiter)? 2) Comment les coûts de conformité varient-ils selon que le régime de mise en oeuvre national comporte des exemptions pour certains secteurs?»--Introduction et aperçu. |
| 520 | 3 |aDans ce document, nous traitons de la conformité aux engagements pris par le Canada dans le cadre du Protocole de Kyoto en examinant principalement deux questions: 1) Quels secteurs seront vraisemblablement touchés le plus durement par les diverses modalités d'application du Protocole de Kyoto (et, à l'opposé, quels sont ceux qui pourraient en profiter)? 2) Comment les coûts de conformité varient-ils selon que le régime de mise en oeuvre national comporte des exemptions pour certains secteurs?--Introduction et aperçu |
| 546 | |aBilingue |
| 563 | |aCouverture souple |
| 590 | |a01-43|b2001-10-26 |
| 691 | 07|aDisponibilités énergétiques|2gcpds |
| 691 | 07|aPolitique énergétique|2gcpds |
| 691 | 07|aProtection de l'environnement|2gcpds |
| 720 | 1 |aWigle, Randall |
| 776 | 0#|tSectoral impacts of Kyoto compliance / |w(CaOODSP)9.570618 |
| 776 | 0#|tLes répercussions sectorielles de l'application du protocole de Kyoto / |w(CaOODSP)9.601265 |
| 791 | |tSectoral impacts of Kyoto compliance / |eeng|w(CaOODSP)9.534938 |
| 830 | #0|aDocuments de travail ;|vN° 34|w(CaOODSP)9.509053 |